The collected tales of little mouse : (Record no. 3103)

MARC details
000 -LEADER
fixed length control field 00927nam a22002777a 4500
001 - CONTROL NUMBER
control field 3103
003 - CONTROL NUMBER IDENTIFIER
control field FISKH
005 - DATE AND TIME OF LATEST TRANSACTION
control field 20240206111517.0
008 - FIXED-LENGTH DATA ELEMENTS--GENERAL INFORMATION
fixed length control field 240206b cb ||||| |||| 00| 0 eng d
020 ## - INTERNATIONAL STANDARD BOOK NUMBER
International Standard Book Number 9781848777668
040 ## - CATALOGING SOURCE
Original cataloging agency FISKH
Language of cataloging eng
Transcribing agency FISKH
Modifying agency FISKH
082 ## - DEWEY DECIMAL CLASSIFICATION NUMBER
Classification number 398.24
100 ## - MAIN ENTRY--PERSONAL NAME
Personal name Steer, Dugald
245 ## - TITLE STATEMENT
Title The collected tales of little mouse :
Remainder of title A treasury of five delightful stories /
Statement of responsibility, etc. Picture by Caroline Anstey
250 ## - EDITION STATEMENT
Edition statement This edition published 2013
260 ## - PUBLICATION, DISTRIBUTION, ETC.
Place of publication, distribution, etc. Serrey :
Name of publisher, distributor, etc. Pippbrook Books,
Date of publication, distribution, etc. 2004
300 ## - PHYSICAL DESCRIPTION
Extent 96 unnumbered pages :
Other physical details color illustrations ;
Dimensions 21 cm
505 ## - FORMATTED CONTENTS NOTE
Formatted contents note B<br/>
520 ## - SUMMARY, ETC.
Summary, etc. Join Little Mouse in this treasury of stories perfect for bedtime reading.
521 8# - TARGET AUDIENCE NOTE
Target audience note 80<br/>
Source Lexile<br/>
521 8# - TARGET AUDIENCE NOTE
Target audience note B<br/>
Source Raz-Plus
650 ## - SUBJECT ADDED ENTRY--TOPICAL TERM
Topical term or geographic name entry element Story Teller
Form subdivision Fiction
General subdivision Juvenile Literature
700 ## - ADDED ENTRY--PERSONAL NAME
Personal name Hamilton, Libby
Relator term Author
700 ## - ADDED ENTRY--PERSONAL NAME
Personal name Miller, Liza
Relator term Editor
942 ## - ADDED ENTRY ELEMENTS (KOHA)
Source of classification or shelving scheme Dewey Decimal Classification
Koha item type Books
Suppress in OPAC No
Holdings
Withdrawn status Lost status Source of classification or shelving scheme Damaged status Not for loan Collection Home library Current library Shelving location Date acquired Total Checkouts Full call number Barcode Date last seen Date last checked out Price effective from Koha item type
    Dewey Decimal Classification     Juvenile Fiction Footprints International School Library Network Toul Kork Campus Footprints International School Library Network Toul Kork Campus TK Primary Library Room(4th Floor), Bookcase 7, Shelves 57-60, Dark Green Books 02/06/2024 1 STE 398.24 2024-0078 03/14/2024 02/07/2024 02/06/2024 Books